000 00969njm a22003137a 4500
005 20100913153421.0
006 a|||||r|||||00| 0
007 sd ammalaaahaa
008 100910t xxu||||| |||| 00| 0 hin d
028 _aELRZ. 5
_bRegal
035 _aGR-02111
040 _aSED/VEN
100 _91184
_aMangeshkar, Lata
245 _aWhen melody was queen part. 1 & 2 /
_cby Lata Mangeshkar
260 _aDum Dum, India
_bRegal
_cn. d.
300 _a1 sound disc : [Gramophone Record]
_banalog, 33 1/3 rpm
_c12 in. (LP)
_fGramophone Records
500 _aBrief record.
500 _aRegal
500 _aBlack
500 _aExtended Play
505 _aDil men chhupa ke pyar ka, Ankhiyan milake
650 _xExcerpts
_zIndia
_919370
_aClassical Music
_vFilmi song
700 _919371
700 _919757
700 _919372
700 _919676
942 _2ddc
_cGR
999 _c45521
_d45521